h1

h2

h3

h4

h5
h6
000741864 001__ 741864
000741864 005__ 20221025091714.0
000741864 0247_ $$2ISBN$$a978-3-942789-89-9
000741864 037__ $$aRWTH-2018-228647
000741864 041__ $$aGerman
000741864 1001_ $$0P:(DE-82)IDM00787$$avan Treeck, Christoph Alban$$b0$$urwth
000741864 1112_ $$a3. Projektleitertreffen : Gebäude und Quartiere der Zukunft$$cBerlin$$d2017-12-06 - 2017-12-07$$wGermany
000741864 245__ $$aThementisch 2: Digitale Werkzeuge: Anforderungen an die Querschnittsforschung und die Simulationsdatenbank$$hprint
000741864 260__ $$aAachen$$bWissenschaftliche Begleitforschung Energiewendebauen, RWTH Aachen University$$c2017
000741864 29510 $$aDokumentation des 3. Projektleitertreffens : Gebäude und Quartiere der Zukunft: Wie neue Konzepte und Technologien Klimaschutz und Wirtschaftlichkeit vereinen können : Berlin, 6. - 7. Dezember 2017
000741864 300__ $$a39-43
000741864 3367_ $$033$$2EndNote$$aConference Paper
000741864 3367_ $$0PUB:(DE-HGF)7$$2PUB:(DE-HGF)$$aContribution to a book
000741864 3367_ $$0PUB:(DE-HGF)8$$2PUB:(DE-HGF)$$aContribution to a conference proceedings$$bcontrib$$mcontrib
000741864 3367_ $$2BibTeX$$aINPROCEEDINGS
000741864 3367_ $$2DRIVER$$aconferenceObject
000741864 3367_ $$2DataCite$$aOutput Types/Conference Paper
000741864 3367_ $$2ORCID$$aCONFERENCE_PAPER
000741864 591__ $$aGermany
000741864 7001_ $$0P:(DE-82)IDM00910$$aKirnats, Lev$$b1$$urwth
000741864 7870_ $$0RWTH-2018-225948$$iHasPart
000741864 909CO $$ooai:publications.rwth-aachen.de:741864$$pVDB
000741864 9101_ $$0I:(DE-588b)36225-6$$6P:(DE-82)IDM00787$$aRWTH Aachen$$b0$$kRWTH
000741864 9101_ $$0I:(DE-588b)36225-6$$6P:(DE-82)IDM00910$$aRWTH Aachen$$b1$$kRWTH
000741864 9141_ $$y2017
000741864 9151_ $$0StatID:(DE-HGF)0021$$2StatID$$aNo peer reviewed article$$x0
000741864 9201_ $$0I:(DE-82)312410_20140620$$k312410$$lLehrstuhl für Energieeffizientes Bauen$$x0
000741864 961__ $$c2018-10-02T12:50:20.492892$$x2018-10-02T12:50:06.536016$$z2018-10-02T12:50:20.492892
000741864 980__ $$aI:(DE-82)312410_20140620
000741864 980__ $$aUNRESTRICTED
000741864 980__ $$aVDB
000741864 980__ $$acontb
000741864 980__ $$acontrib